Zadar Airport Destinations (Zadar, Croatia) - Statistics

General Stats
  • This quiz has been taken 100 times
    25 since last reset
  • The average score is 53 of 70
Answer Stats
Airline Destination % Correct
Austrian Airlines/Ryanair Vienna
100%
Ryanair Birmingham
95%
Ryanair Bucharest (Otopeni)
95%
Ryanair Edinburgh
95%
Ryanair Leeds/Bradford
95%
Lufthansa Munich
95%
Croatia Airlines Zagreb
95%
Air Serbia Belgrade
91%
Ryanair/Wizz Air Budapest
91%
Eurowings/Ryanair Cologne/Bonn
91%
Ryanair Dublin
91%
Eurowings Düsseldorf
91%
easyJet London (Gatwick)
91%
Ryanair London (Stansted)
91%
Ryanair Manchester
91%
Ryanair Newcastle upon Tyne
91%
Ryanair Sofia
91%
Ryanair Berlin
86%
Norwegian Air Shuttle/Ryanair/Scandinavian Airlines Copenhagen
86%
Discover Airlines/Lufthansa Frankfurt
86%
Ryanair Gdańsk
86%
Ryanair Hahn
86%
Ryanair Helsinki
86%
Ryanair Kraków
86%
Ryanair Stockholm (Arlanda)
86%
Eurowings Stuttgart
86%
Wizz Air Warsaw (Chopin)
86%
Ryanair Warsaw (Modlin)
86%
Edelweiss Air Zürich
86%
Ryanair Barcelona
82%
easyJet Basel/Mulhouse
82%
Ryanair Cork
82%
Ryanair Marseille
82%
Ryanair Milan (Malpensa)
82%
Transavia Paris (Orly)
82%
Ryanair Poznań
82%
Ryanair Rome (Fiumicino)
82%
Ryanair Wrocław
82%
Ryanair Bari
77%
Ryanair Liverpool
77%
Luxair Luxembourg
77%
Ryanair Prague
77%
Ryanair Bergamo
73%
Ryanair Bologna
73%
Ryanair Gothenburg
73%
Ryanair Katowice
73%
Ryanair Nuremberg
73%
Croatia Airlines Pula
73%
Trade Air Rijeka
73%
Transavia Rotterdam/The Hague
73%
Ryanair Bratislava
68%
Sky Alps Verona
68%
Ryanair Beauvais
64%
Ryanair Charleroi
64%
Ryanair Pisa
64%
Ryanair Bremen
59%
Ryanair Eindhoven
59%
Ryanair Karlsruhe/Baden-Baden
59%
Ryanair Memmingen
59%
Ryanair Weeze
59%
Ryanair Aarhus
55%
Trade Air Osijek
55%
Ryanair Bournemouth
50%
Ryanair Košice
50%
Ryanair Kaunas
45%
Ryanair Münster/Osnabrück
41%
Ryanair Rzeszów
41%
LOT Polish Airlines Zielona Góra
32%
People's St. Gallen/Altenrhein
27%
Ryanair Växjö
23%
No matching quizzes found
Score Distribution
Percent of People with Each Score
Percentile by Number Answered
Your Score History
You have not taken this quiz since the last reset